书目信息 |
| 题名: |
档案利用和文书卷专题学术讨论会论文选编
|
|
| 作者: | ;中国档案学会 , 吉林省档案学会 编 | |
| 分册: | ||
| 出版信息: | 北京 档案出版社 1984 |
|
| 页数: | 163页 | |
| 开本: | 19cm | |
| 丛书名: | ||
| 单 册: | ||
| 中图分类: | G273-53 , G273 | |
| 科图分类: | ||
| 主题词: | 档案利用--学术会议--文集 , 文书-立卷--学术会议--文集 , 立卷-文书--学术会议--文集 , 档案学 , 档案工作 | |
| 电子资源: | ||
| ISBN: | ||
| 000 | 01023nam0 2200325 45 | |
| 001 | 0184004655 | |
| 005 | 20040506082043.4 | |
| 010 | @dCNY0.55 | |
| 091 | @b7203.009 | |
| 100 | @a19950612d1984 em y0chiy0121 ea | |
| 101 | 0 | @achi |
| 102 | @aCN@b110000 | |
| 105 | @ay z 000yy | |
| 106 | @ar | |
| 200 | 10 | @a档案利用和文书卷专题学术讨论会论文选编@Adang an li yong he wen shu juan zhuan ti xue shu tao lun hui lun wen xuan bian@f中国档案学会,吉林省档案学会编 |
| 210 | @a北京@c档案出版社@d1984 | |
| 215 | @a163页@d19cm | |
| 601 | 12 | @a档案利用和文书立卷专题学术讨论会@x文集 |
| 606 | @a档案利用@x学术会议@x文集 | |
| 606 | @a文书-立卷@x学术会议@x文集 | |
| 606 | @a立卷-文书@x学术会议@x文集 | |
| 606 | 0 | @a档案学 |
| 606 | 0 | @a档案工作 |
| 690 | @aG273-53@v3 | |
| 690 | @aG273 | |
| 711 | 02 | @a中国档案学会@Azhong guo dang an xue hui@4编 |
| 711 | 02 | @a吉林省档案学会@Aji lin sheng dang an xue hui@4编 |
| 801 | 0 | @aCN@b上海图书馆@c20040506 |
| 801 | 2 | @aCN@bNLC@c20040506 |
| 905 | @f2@b111662-663@dG273@e3 | |
| 档案利用和文书卷专题学术讨论会论文选编/中国档案学会,吉林省档案学会编.-北京:档案出版社,1984 |
| 163页;19cm |
| ISBN :CNY0.55 |
| ● |
| 相关链接 |
|
|
|
|
正题名:档案利用和文书卷专题学术讨论会论文选编
索取号:G273/3
 
预约/预借
| 序号 | 登录号 | 条形码 | 馆藏地/架位号 | 状态 | 备注 |
| 1 | 0111662 | 000989933 | 密集书库/ [索取号:G273/3] | 在馆 | |
| 2 | 0111663 | 000989997 | 第四借阅区/ [索取号:G273/3] | 在馆 | |
| 3 | 0111664 | 000990002 | 第一样本阅览室/ [索取号:G273/3] | 在馆 |